000 00608cam a22002293a 4500
001 13487
003 PGUSA
005 20140828083305.0
008 040917s2004||||xxu|||||s|||||000 | eng d
040 _aPGUSA
_beng
042 _adc
050 4 _aTX
100 1 _aBullock, Tom,
_d1873-1964
245 1 4 _aThe Ideal Bartender
_h[electronic resource] /
_cTom Bullock
260 _bProject Gutenberg,
_c2004
506 _aPublic domain in the USA.
516 _aElectronic text
653 _aLiquors
830 0 _aProject Gutenberg
_v13487
856 4 0 _uhttp://www.gutenberg.org/ebooks/13487
942 _cEB
999 _c242742
_d242742